00967nam a2200241 i 450000100060000000300090000600500170001500700030003200800410003510000260007624501170010226000480021930000200026749000340028750500870032165000250040865000350043370000400046883000420050885200340055099900170058495201240060155644ES-MaACL20250831023854.0t|030924m19661967sp ||||1| spa d1 aDesqueyrat, A.94393110aDoctrina política de la Iglesia / cA. Desqueyrat ; traducción y adaptación de Enrique Melón Martínez. aBilbao : bDesclée de Brouwer, c1966-67. a2 v. ; c22 cm.1 aColeccion Veritas et Justitia8 aContiene: T. I: El Estado. -- T. II: La Iglesia y el Estado / Desqueyrat y Halbecq07aEstado2embne91252307aIglesia y Estado2embne9135541 aMelón Martínez, Enrique.9800220 aColeccion Veritas et Justitia9184576 aES-MaACLjG-4134-35 bR.58334 c55644d55644 00104070aATENEOMbATENEOMcDEPO2d2008-01-17eSCl0oG-4134-35p1058457r2023-02-23 00:00:00w2023-02-23yMONOGRAFIA